| 000 | 00447nam a2200193Ia 4500 | ||
|---|---|---|---|
| 008 | 170918s9999 xx 000 0 und d | ||
| 020 | _a9780439871785 | ||
| 050 | _bG662 2009 | ||
| 100 | _aGordon, Roderick | ||
| 245 | _aDeeper / | ||
| 245 | _cby Roderick Gordon. | ||
| 260 | _aUnited Kingdom : | ||
| 260 | _bChicken House, | ||
| 260 | _c2009 | ||
| 300 | _a643 pages : | ||
| 300 | _billustrations ; | ||
| 300 | _c21cm. | ||
| 500 | _a950 | ||
| 999 |
_c343581 _d343581 |
||